Innovation Change Management and Competitiveness of Small and Medium-sized Enterprises

Inovácie a inovačné zmeny v malých a stredných podnikoch. Významný zdroj budovania konkurenčných výhod a zlepšovania ich konkurenčného postavenia.

Gespeichert in:
Bibliographische Detailangaben
1. Verfasser: Papulová, Emília
Format: Buchkapitel
Sprache:Englisch
Schlagworte:
Tags: Tag hinzufügen
Keine Tags, Fügen Sie das erste Tag hinzu!

MARC

LEADER 00000nla a2200000 4500
001 0239192
005 20240502073855.8
041 0 |a eng 
044 |a SK 
245 1 0 |a Innovation Change Management and Competitiveness of Small and Medium-sized Enterprises  |c Emília Papulová 
520 |a Inovácie a inovačné zmeny v malých a stredných podnikoch. Významný zdroj budovania konkurenčných výhod a zlepšovania ich konkurenčného postavenia. 
610 2 0 |a riadenie zmien 
610 2 0 |a inovácia 
610 2 0 |a konkurencieschopnosť 
610 2 0 |a výhody konkurenčné 
610 2 0 |a podnik malý 
610 2 0 |a podnik stredný 
610 2 0 |a manažment inovačný 
100 1 |a Papulová, Emília